Weird Al Style Parodies - Statistics

General Stats
  • This quiz has been taken 9 times
  • The average score is 18 of 46
Answer Stats
Album Song Artist Parodied % Correct
Dare to Be Stupid Dare to Be Stupid Devo
83%
Alpocalypse Ringtone Queen
83%
Poodle Hat Bob Bob Dylan
67%
Dare to Be Stupid One More Minute Elvis Presley
67%
Running with Scissors Germs Nine Inch Nails
67%
Straight Outta Lynwood I'll Sue Ya Rage Against the Machine
67%
Alapalooza Frank's 2000" TV R.E.M.
67%
Alpocalypse CNR The White Stripes
67%
Alpocalypse Skipper Dan Weezer
67%
Mandatory Fun Mission Statement Crosby, Stills & Nash
50%
Poodle Hat Genius in France Frank Zappa
50%
Mandatory Fun First World Problems Pixies
50%
Alapalooza Traffic Jam Prince
50%
Mandatory Fun Lame Claim to Fame Southern Culture on the Skids
50%
Polka Party! Dog Eat Dog Talking Heads
50%
Off the Deep End Trigger Happy The Beach Boys and Jan & Dean
50%
Alpocalypse Craigslist The Doors
50%
Bad Hair Day Everything You Know Is Wrong They Might Be Giants
50%
Alapalooza Young, Dumb & Ugly AC/DC
33%
Even Worse Twister Beastie Boys
33%
Poodle Hat Wanna B Ur Lovr Beck
33%
Poodle Hat Why Does This Always Heppen to Me? Ben Folds
33%
"Weird Al" Yankovic in 3-D Buy Me a Condo Bob Marley
33%
Straight Outta Lynwood Pancreas Brian Wilson
33%
Straight Outta Lynwood Close but No Cigar Cake
33%
Mandatory Fun Jackson Park Express Cat Stevens
33%
Bad Hair Day I'm So Sick of You Elvis Costello
33%
Mandatory Fun My Own Eyes Foo Fighters
33%
UHF – Original Motion Picture Soundtrack and Other Stuff The Biggest Ball of Twine in Minnesota Harry Chapin and Gordon Lightfoot
33%
Even Worse You Make Me Oingo Boingo
33%
Straight Outta Lynwood Virus Alert Sparks
33%
"Weird Al" Yankovic in 3-D Mr. Popeil The B-52s
33%
Even Worse Velvet Elvis The Police
33%
Running with Scissors Albuquerque The Rugburns, George Thorogood, and Mojo Nixon
33%
"Weird Al" Yankovic Happy Birthday Tonio K
33%
Off the Deep End I Was Only Kidding Tonio K
33%
Dare to Be Stupid Cable TV Elton John
17%
Alpocalypse If That Isn't Love Hanson
17%
Bad Hair Day I Remember Larry Hilly Michaels
17%
Alpocalypse Stop Forwarding That Crap to Me Jim Steinman
17%
Off the Deep End Airline Amy Nick Lowe and Jonathan Richman
17%
Alapalooza Waffle King Peter Gabriel
17%
Polka Party! Christmas at Ground Zero Phil Spector
17%
Medium Rarities Lousy Haircut The Prodigy
17%
Dare to Be Stupid Slime Creatures from Outer Space Thomas Dolby
17%
Even Worse Good Old Days James Taylor
0%
No matching quizzes found
Score Distribution
Percent of People with Each Score
Percentile by Number Answered
Your Score History
You have not taken this quiz